| 000 | 00926nam a22002417a 4500 | ||
|---|---|---|---|
| 005 | 20121214141048.0 | ||
| 008 | 121214t xxu||||| |||| 00| 0 eng d | ||
| 010 | _aENG-106444 | ||
| 020 |
_a9788178359069 _c625.00 |
||
| 035 | _aEN-89977 | ||
| 037 | _bDBAD/PUB | ||
| 040 |
_aDPL _bEng |
||
| 082 | _a378.1 | ||
| 100 |
_aSurya, M. _954337 |
||
| 245 |
_aPerformance evaluation of university libraries : _cby M. Surya [and] S. Balakrishnan _ban application of cost-effectiveness analysis / |
||
| 260 |
_aDelhi _bKalpaz Publications _c2012 |
||
| 270 |
_aC-30, Satyawati Nagar _bDelhi _e110052 |
||
| 300 |
_a228p. _c22cm(Hb) |
||
| 500 | _aIncludes bibliographical references and index | ||
| 700 |
_aBalakrishnan, S. _954340 |
||
| 942 |
_2ddc _cEN _h378.1 _mSUR |
||
| 999 |
_c72178 _d72178 |
||